000 01096nmm a2200313 a 4500
001 ocm0001864746
003 TR-IsHL
005 20201028171911.0
008 180414s2016 tu eng
007 cr cn
020 _a9786059496247
035 _a1864746
_b(N$T)
050 0 4 _aPR5549.T36
_bT37 2016
090 0 4 _aPR5549.T36
_bT37 2016
100 1 _aTaylor, Philip Meadows
245 1 0 _aTara: a mahratta tale
_h[electronic resource] /
_cPhilip Meadows Taylor
260 _aİstanbul :
_be-Kitap Projesi & Cheapest Books,
_c2016
300 _a702 p.
650 4 _aDil ve Edebiyat
650 4 _aLanguage and Literature
650 0 _aAnglo-Hint romanı
650 0 _aAnglo-Indian fiction
650 0 _aMacera öyküleri, İngiliz
_x Hindistan
650 0 _aAdventure stories, English
_x India
650 0 _aMacera öyküleri, İngiliz
650 0 _aAdventure stories, English
650 7 _aLITERARY COLLECTIONS / European / English, Irish, Scottish, Welsh
_2bisacsh
856 4 0 _uhttp://search.ebscohost.com/login.aspx?direct=true&scope=site&db=e011xww&AN=1864746
999 _c16934
_d16934